Personal Development for Life and Work (Record no. 13210)

MARC details
000 -LEADER
fixed length control field 00474nam a22001937a 4500
003 - CONTROL NUMBER IDENTIFIER
control field OSt
008 - FIXED-LENGTH DATA ELEMENTS--GENERAL INFORMATION
fixed length control field 250402b |||||||| |||| 00| 0 eng d
020 ## - INTERNATIONAL STANDARD BOOK NUMBER
International Standard Book Number 9788131516799
082 ## - DEWEY DECIMAL CLASSIFICATION NUMBER
Classification number 158.1 MAP
100 ## - MAIN ENTRY--PERSONAL NAME
Personal name MASTERS,L Ann
245 ## - TITLE STATEMENT
Title Personal Development for Life and Work
250 ## - EDITION STATEMENT
Edition statement 10th Ed
260 ## - PUBLICATION, DISTRIBUTION, ETC. (IMPRINT)
Place of publication, distribution, etc New Delhi
Name of publisher, distributor, etc Cengage
Date of publication, distribution, etc 2024
300 ## - PHYSICAL DESCRIPTION
Extent 462
650 ## - SUBJECT ADDED ENTRY--TOPICAL TERM
Topical term or geographic name as entry element Personal Development
700 ## - ADDED ENTRY--PERSONAL NAME
Personal name WALLACE,Harold R
700 ## - ADDED ENTRY--PERSONAL NAME
Personal name HARWOOD,Lauri
942 ## - ADDED ENTRY ELEMENTS (KOHA)
Source of classification or shelving scheme Dewey Decimal Classification
Koha item type Text Books
Holdings
Withdrawn status Lost status Source of classification or shelving scheme Damaged status Not for loan Collection code Home library Current library Date acquired Source of acquisition Currency Cost, normal purchase price Bill Number Total Checkouts Full call number Acc. no. / Barcode Date last seen Actual Cost, discounted price Bill Date Koha item type
    Dewey Decimal Classification     Applied Sc. PIET C-LIBRARY PIET C-LIBRARY 28/03/2025 Zaffa Books INR 635.00 ZBD0586   158.1 MAP 38941 02/04/2025 457.20 28/03/2025 Reference Books
    Dewey Decimal Classification     Applied Sc. PIET C-LIBRARY PIET C-LIBRARY 28/03/2025 Zaffa Books INR 635.00 ZBD0586   158.1 MAP 38942 02/04/2025 457.20 28/03/2025 Text Books
    Dewey Decimal Classification     Applied Sc. PIET C-LIBRARY PIET C-LIBRARY 11/04/2025 Zaffa Books INR 635.00 ZBD0036   158.1 MAP 39161 17/04/2025 457.20 11/04/2025 Text Books

Design & Developed by: PIET Central Library
R70 Miles Stone Pattikalyana Samalkha Panipat 132102
mail ID :- [email protected], Phone No:- 0180-2569700 Ex.216